000 00481nam a2200193Ia 4500
005 20140402154004.0
008 140130s9999 xx 000 0 und d
020 _a0439536480
050 _aPZ 7
_b.L59116Qu 2006
100 _aL'Homme, Erik
_927649
245 _cErik L'Homme.
_aQuadehar the Sorcerer /
260 _bScholastic,
_c2006.
_aUSA :
300 _a275 p. :
_c19 cm.
440 _v1
_931174
521 _aG5
526 _c780
942 _cBK
_2lcc
999 _c41126
_d41126